000
00318nam a2200145Ia 4500
005
20251222141932.0
008
251222s9999||||xx |||||||||||||| ||spa||
020
_a
84-254-0170-4
082
_a
843.54/Q82/1994
100
_a
Quoist, Michel
245
0
_a
DAR: e
250
_a
25a ed.
264
_b
Herder
942
_c
LIB
999
_c
9061
_d
9061